000 00392cam a2200169ua 4500
020 _c1.50
041 _amal
_h
082 _a494.812
_bKOY/PR
100 _aKoyithatta, N .
245 _aPrayoga Syli /
_cN Koyithatta.
_hTextual Documents
260 _aCalicut :
_bP.K Brothers ,
_c1959.
300 _a299 ; .
365 _a1.50
504 _a
942 _cBK
999 _c4807
_d4807